000 00553nam a2200193Ia 4500
005 20250326141329.0
008 250326s9999 xx 000 0 und d
020 _a0-415-08760-0
037 _aTextbook
040 _aFMSL
_beng
_cFMSL
041 _aeng
_2eng
084 _aX:5.1 N3
_qFMSL
100 _aHansson G Ed
_9744197
245 0 _aTrade growth and development : Role of politics and institutions
_cHansson G Ed
260 _aUSA
_bUSA, Routledge
_c1993
300 _a349p
942 _cTB
_hX:5.1 N3
999 _c1289804
_d1289804